| 000 | 00419nam a22001457a 4500 | ||
|---|---|---|---|
| 005 | 20240829071429.0 | ||
| 008 | 240829b |||||||| |||| 00| 0 eng d | ||
| 041 | _aEnglish/Afrikaans | ||
| 082 | _a349 LAW | ||
| 100 | _lEnglish/Afrikaans | ||
| 245 | _aThe Laws of South West Africa 1923-1927 | ||
| 300 |
_bxv, 551 pages; _c25 cm. |
||
| 650 |
_aLegal practice _bLaw |
||
| 942 |
_cBK _6ALISON_BN_VRIES |
||
| 999 |
_c2930 _d2930 |
||